Evolución de la escuela socialista (Record no. 40440)

MARC details
000 -LEADER
campo de control de longitud fija 00581nam a2200145 i 4500
001 - NÚMERO DE CONTROL
campo de control 40440
003 - IDENTIFICADOR DE NÚMERO DE CONTROL
campo de control ES-MaACL
005 - FECHA Y HORA DE LA ÚLTIMA TRANSACCIÓN
campo de control 20230906160224.0
007 - CAMPO FIJO DE DESCRIPCIÓN FÍSICA--INFORMACIÓN GENERAL
campo de control de longitud fija t|
008 - DATOS DE LONGITUD FIJA--INFORMACIÓN GENERAL
campo de control de longitud fija 030306s1911 sp ||||1| spa d
100 1# - ENTRADA PRINCIPAL--NOMBRE DE PERSONA
Nombre de persona Cárdenas y Moya, Enrique de.
9 (RLIN) 35154
245 10 - MENCIÓN DEL TÍTULO
Título Evolución de la escuela socialista
Resto del título : su incorporación a los partidos políticos : las huelgas en sus aspectos político, jurídico y económico : intervención del poder público /
Mención de responsabilidad, etc. Enrique de Cárdenas y Moya.
260 ## - PUBLICACIÓN, DISTRIBUCIÓN, ETC.
Lugar de publicación, distribución, etc. Madrid :
Nombre del editor, distribuidor, etc. [s.n.,
Fecha de publicación, distribución, etc. 1911] (
Fabricante Imp. de Antonio Marzo)
852 ## - LOCALIZACIÓN
Ubicación ES-MaACL
Número de control de estantería F-1257-F-1
Holdings
Estatus retirado Estado de pérdida Estado de daño No para préstamo Biblioteca de origen Biblioteca actual Ubicación en estantería Fecha de adquisición Fuente de adquisición Total de préstamos Signatura topográfica completa Código de barras Visto por última vez Precio de reemplazo Tipo de ítem Koha
        Biblioteca del Ateneo de Madrid Biblioteca del Ateneo de Madrid Depósito folletos 17/01/2008     F-1257-F-1 1042575 23/02/2023 23/02/2023 Libro impreso